Observational plasma astrophysics-five years of Yohkoh and beyond (Record no. 12491)

MARC details
000 -LEADER
fixed length control field 00935nam a2200229Ia 4500
003 - CONTROL NUMBER IDENTIFIER
control field IN-BaIIA
008 - FIXED-LENGTH DATA ELEMENTS--GENERAL INFORMATION
fixed length control field 211028s9999 xx 000 0 eng d
020 ## - INTERNATIONAL STANDARD BOOK NUMBER
International Standard Book Number 0-7923-4985-7
040 ## - CATALOGING SOURCE
Transcribing agency IIA Library
080 ## - UNIVERSAL DECIMAL CLASSIFICATION NUMBER
Universal Decimal Classification number 52(082.1)
Item number ASS-229
111 ## - MAIN ENTRY--MEETING NAME
Meeting name or jurisdiction name as entry element Yohkoh Anniversary Symposium
Number of part/section/meeting 5th
Location of meeting Japan
Date of meeting or treaty signing 1996 Nov. 6-8
9 (RLIN) 21866
245 #0 - TITLE STATEMENT
Title Observational plasma astrophysics-five years of Yohkoh and beyond
Remainder of title proceedings of the Yohkoh fifth anniversary symposium held in Yoyogi, Tokyo, Japan, 6-8 Nov 1996
Statement of responsibility, etc. edited by T. Watanabe, Kosugi T., A. C. Sterling
260 ## - PUBLICATION, DISTRIBUTION, ETC.
Place of publication, distribution, etc. Dordrecht
Name of publisher, distributor, etc. Kluwer Academic
Date of publication, distribution, etc. 1998
300 ## - PHYSICAL DESCRIPTION
Extent xii, 398p.
490 ## - SERIES STATEMENT
Series statement Astrophysics and space science library; v. 229
650 ## - SUBJECT ADDED ENTRY--TOPICAL TERM
Topical term or geographic name entry element Astrophysics
9 (RLIN) 794
650 ## - SUBJECT ADDED ENTRY--TOPICAL TERM
Topical term or geographic name entry element Plasma astrophysics
9 (RLIN) 3786
650 ## - SUBJECT ADDED ENTRY--TOPICAL TERM
Topical term or geographic name entry element Plasma physics
9 (RLIN) 3732
700 ## - ADDED ENTRY--PERSONAL NAME
Personal name Kosugi, T., ed.
9 (RLIN) 21867
700 ## - ADDED ENTRY--PERSONAL NAME
Personal name Sterling, A. C., ed.
9 (RLIN) 21868
942 ## - ADDED ENTRY ELEMENTS (KOHA)
Koha item type Books
Holdings
Withdrawn status Lost status Damaged status Not for loan Home library Current library Shelving location Date acquired Cost, normal purchase price Total Checkouts Full call number Barcode Date last seen Cost, replacement price Price effective from Koha item type Purchase Price
        IIA Library-Bangalore IIA Library-Bangalore General Stacks 18/05/1998 6118.20   52(082.1)/ ASS-229 13408 05/11/2021 6118.20 18/05/1998 Books Rs. 6118.20

Powered by Koha